All Countries of the World from North to South by Geographical Center - Statistics

General Stats
  • This quiz has been taken 5,614 times
    2,774 since last reset
  • The average score is 62 of 196
Answer Stats
LAT AAAACOUNTRYAAAA % Correct
>67.5 Norway
99%
>64.9 Iceland
92%
>64.4 Finland
90%
>62.7 Sweden
89%
>61.7 Russia
88%
>61.1 Canada
87%
>58.6 Estonia
84%
>56.8 Latvia
84%
>56.1 Denmark
81%
>55.3 Lithuania
80%
>53.9 United Kingdom
79%
>53.5 Belarus
76%
>53.2 Ireland
74%
>52.2 Netherlands
73%
>52.1 Poland
73%
>50.7 Belgium
72%
>51.1 Germany
71%
>49.8 Czech Republic
70%
>49.8 Luxembourg
69%
>48.8 Slovakia
68%
>49.1 Ukraine
68%
>47.6 Austria
65%
>48.2 Kazakhstan
65%
>47.2 Hungary
64%
>47.3 Liechtenstein
64%
>46.5 France
62%
>47.2 Moldova
62%
>46.9 Mongolia
62%
>46.8 Switzerland
62%
>45.9 Romania
60%
>46.1 Slovenia
60%
>45.1 Croatia
57%
>44.2 Bosnia and Herzegovina
56%
>44 Serbia
56%
>43.9 San Marino
55%
>45.6 United States
55%
>43.7 Monaco
54%
>42.9 Italy
53%
>42.5 Andorra
52%
>42.8 Bulgaria
52%
>42.6 Kosovo
52%
>42.8 Montenegro
52%
>42.2 Georgia
50%
>41.9 Vatican City
50%
>41.1 Albania
49%
>40.4 Spain
49%
>41.6 North Macedonia
48%
>41.5 Kyrgyzstan
47%
>41.8 Uzbekistan
47%
>39.7 Portugal
46%
>40.3 Armenia
45%
>40.3 Azerbaijan
45%
>39.2 Greece
45%
>40.1 North Korea
45%
>37 Japan
43%
>38.5 Tajikistan
43%
>39 Turkey
43%
>39.1 Turkmenistan
42%
>36.6 China
40%
>35.8 Malta
40%
>36.4 South Korea
40%
>35 Cyprus
39%
>33.8 Lebanon
38%
>34.9 Syria
38%
>33.8 Afghanistan
37%
>34.1 Tunisia
37%
>32.5 Iran
36%
>32.9 Iraq
36%
>31.4 Israel
36%
>31.2 Jordan
35%
>29.2 Kuwait
34%
>31.8 Morocco
34%
>28.3 Nepal
34%
>29.9 Pakistan
34%
>28.1 Algeria
33%
>27.4 Bhutan
33%
>26.4 Egypt
32%
>27 Libya
32%
>26 Bahrain
31%
>23.9 Mexico
31%
>25.2 Qatar
31%
>24.3 Bahamas
30%
>23.9 Saudi Arabia
30%
>-41.8 New Zealand
29%
>23.8 Bangladesh
28%
>23.6 Taiwan
28%
>23.5 United Arab Emirates
28%
>22.9 India
27%
>21.7 Cuba
26%
>20.4 Oman
26%
>21.2 Myanmar
25%
>-35.8 Chile
23%
>19 Dominican Republic
23%
>19 Haiti
23%
>18.5 Laos
23%
>20.3 Mauritania
23%
>-35.4 Argentina
22%
>17.2 Belize
21%
>17.1 Antigua and Barbuda
20%
>15.7 Guatemala
20%
>18.2 Jamaica
20%
>17.3 Mali
20%
>17.4 Niger
20%
>17.3 Saint Kitts and Nevis
20%
>16.7 Vietnam
20%
>15.8 Yemen
20%
>-25.8 Australia
19%
>-29.7 Lesotho
19%
>-29.1 South Africa
19%
>-32.9 Uruguay
19%
>15.3 Chad
18%
>15.4 Dominica
18%
>-26.7 Eswatini
18%
>13.8 Sudan
18%
>16 Cape Verde
17%
>15.3 Eritrea
17%
>14.8 Honduras
17%
>13.9 Saint Lucia
17%
>14.5 Senegal
17%
>15.1 Thailand
17%
>13.8 El Salvador
16%
>13.5 Gambia
16%
>13.2 Barbados
15%
>-22.3 Botswana
15%
>12.7 Cambodia
15%
>12.1 Grenada
15%
>12.9 Nicaragua
15%
>-23.2 Paraguay
15%
>13.3 Saint Vincent and the Grenadines
15%
>10 Costa Rica
14%
>11.7 Djibouti
14%
>12.1 Guinea-Bissau
14%
>-22.1 Namibia
14%
>8.6 Panama
14%
>10.4 Trinidad and Tobago
14%
>12.3 Burkina Faso
13%
>-18 Fiji
13%
>10.4 Guinea
13%
>9.6 Nigeria
13%
>11.1 Philippines
13%
>9.6 Benin
12%
>-16.7 Bolivia
12%
>3.9 Colombia
12%
>-2.9 Democratic Republic of the Congo
12%
>8.6 Ethiopia
12%
>7.9 Ghana
12%
>7.6 Ivory Coast
12%
>6.4 Liberia
12%
>-19.4 Madagascar
12%
>2.2 Malaysia
12%
>-20.3 Mauritius
12%
>-17.3 Mozambique
12%
>8.5 Sierra Leone
12%
>8 South Sudan
12%
>7.6 Sri Lanka
12%
>8.6 Togo
12%
>-20 Tonga
12%
>1.2 Uganda
12%
>7.1 Venezuela
12%
>-19.1 Zimbabwe
12%
>-10.8 Brazil
11%
>4.5 Brunei
11%
>-3.5 Burundi
11%
>5.7 Cameroon
11%
>6.5 Central African Republic
11%
>-1.5 Ecuador
11%
>-0.7 Gabon
11%
>4.7 Guyana
11%
>-1.7 Indonesia
11%
>0.4 Kenya
11%
>-13.5 Malawi
11%
>9 Marshall Islands
11%
>-9.2 Peru
11%
>-0.9 Republic of the Congo
11%
>-2.1 Rwanda
11%
>-13.6 Samoa
11%
>1.4 Singapore
11%
>6 Somalia
11%
>4.1 Suriname
11%
>-16 Vanuatu
11%
>-13.5 Zambia
11%
>-12.4 Angola
10%
>-12.2 Comoros
10%
>-8.8 East Timor
10%
>1.6 Equatorial Guinea
10%
>6.9 Federated States of Micronesia
10%
>1.4 Kiribati
10%
>3.3 Maldives
10%
>-0.5 Nauru
10%
>7.5 Palau
10%
>-6.6 Papua New Guinea
10%
>1 Sao Tome and Principe
10%
>-8 Solomon Islands
10%
>-6.4 Tanzania
10%
>-8 Tuvalu
10%
>-4.6 Seychelles
9%
No matching quizzes found
Score Distribution
Percent of People with Each Score
Percentile by Number Answered
Your Score History
You have not taken this quiz since the last reset